00291cam a22000977a 4500008004400000082001800044100002300062245005800085260002900143650002100172180718bxv,197p. xxu||||| |||| 00| 0 eng d aT19x5488 Se55 aSen, Probhat Kumar aLand and people of the andamanscby Probhat Kumar Sen aCalcuttab1962cxv,197p. aLand- WestBengal